名字含“州”的县区 Counties with “zhou” in their names - Statistics

General Stats
  • This quiz has been taken 132 times
  • The average score is 57 of 79
Answer Stats
地级行政区 县区 % Correct
北京市 通州区
94%
南通市 通州区
94%
天津市 蓟州区
90%
潍坊市 青州市
88%
重庆市 万州区
88%
阜新市 海州区
86%
连云港市 海州区
86%
宁波市 鄞州区
86%
青岛市 胶州市
85%
巴中市 巴州区
84%
廊坊市 霸州市
84%
黄冈市 黄州区
84%
黄山市 徽州区
84%
徐州市 邳州市
83%
荆州市 荆州区
82%
烟台市 莱州市
82%
茂名市 化州市
81%
大连市 金州区
81%
襄阳市 襄州区
80%
衡水市 冀州区
79%
许昌市 禹州市
79%
保定市 定州市
78%
湛江市 雷州市
78%
安阳市 林州市
78%
成都市 彭州市
78%
绵阳市 安州区
77%
清远市 连州市
77%
济宁市 兖州区
77%
成都市 崇州市
76%
茂名市 高州市
76%
酒泉市 瓜州县
76%
武威市 凉州区
76%
绍兴市 嵊州市
76%
吉安市 吉州区
75%
石家庄市 晋州市
74%
重庆市 开州区
74%
三门峡市 陕州区
74%
枣庄市 滕州市
74%
宣城市 宣州区
74%
河池市 宜州区
74%
崇左市 江州区
73%
酒泉市 肃州区
73%
阜阳市 颍州区
73%
南阳市 邓州市
72%
张掖市 甘州区
72%
三亚市 崖州区
72%
哈密市 伊州区
72%
六盘水市 盘州市
71%
镇江市 润州区
71%
商洛市 商州区
70%
玉林市 玉州区
68%
大同市 云州区
68%
南宁市 横州市
67%
临汾市 霍州市
67%
唐山市 滦州市
67%
天水市 秦州区
67%
铁岭市 银州区
67%
咸阳市 彬州市
66%
渭南市 华州区
66%
宜春市 袁州区
66%
肇庆市 端州区
64%
平顶山市 汝州市
64%
固原市 原州区
64%
广元市 利州区
63%
衡水市 深州市
63%
保定市 涿州市
63%
来宾市 象州县
62%
大庆市 肇州县
62%
遵义市 播州区
61%
营口市 盖州市
61%
怀化市 靖州苗族侗族自治县
60%
上饶市 信州区
60%
宜宾市 叙州区
60%
铜川市 耀州区
58%
长治市 潞州区
56%
焦作市 孟州市
56%
晋城市 泽州县
56%
崇左市 龙州县
55%
桂林市 全州县
54%
No matching quizzes found
Score Distribution
Percent of People with Each Score
Percentile by Number Answered
Your Score History
You have not taken this quiz